| 000 | 01196nam a2200325Ia 4500 | ||
|---|---|---|---|
| 001 | ebr10159518 | ||
| 003 | CaPaEBR | ||
| 006 | m u | ||
| 007 | cr cn||||||||| | ||
| 008 | 941229s1995 mnua s 001 0 eng d | ||
| 010 | _z 94074626 | ||
| 020 | _z9781570250637 | ||
| 020 | _z1570250634 | ||
| 040 |
_aCaPaEBR _cCaPaEBR |
||
| 035 | _a(OCoLC)232159922 | ||
| 050 | 1 | 4 |
_aSH464.L34 _bP47 1995eb |
| 082 | 0 | 4 |
_a799.1/2 _220 |
| 100 | 1 | _aPerich, Shawn. | |
| 245 | 1 | 0 |
_aFly-fishing the north country _h[electronic resource] / _cShawn Perich ; illustrated by David Minix. |
| 260 |
_aDuluth, Minn. : _bPfeifer-Hamilton, _cc1995. |
||
| 300 |
_a147 p. : _bill. |
||
| 500 | _aIncludes index. | ||
| 533 |
_aElectronic reproduction. _bPalo Alto, Calif. : _cebrary, _d2009. _nAvailable via World Wide Web. _nAccess may be limited to ebrary affiliated libraries. |
||
| 650 | 0 |
_aFly fishing _zLake States. |
|
| 650 | 0 |
_aFly fishing _zOntario. |
|
| 655 | 7 |
_aElectronic books. _2local |
|
| 691 |
_aMinnesota _xAuthors (Books by) |
||
| 710 | 2 | _aebrary, Inc. | |
| 856 | 4 | 0 |
_uhttp://site.ebrary.com/lib/rucke/Doc?id=10159518 _zAn electronic book accessible through the World Wide Web; click to view |
| 999 |
_c244744 _d244744 |
||